logo

Bir Sreshtho Munshi Abdur Rouf Library
Jhenaidah Cadet College

আল-মুকাদ্দিমা / (Record no. 11983)

MARC details
000 -LEADER
fixed length control field 00952nam a2200265 a 4500
001 - CONTROL NUMBER
JCCL Control Number 11983
003 - CONTROL NUMBER IDENTIFIER
JCCL marc code BD-JhCC
005 - DATE AND TIME OF LATEST TRANSACTION
control field 20210315084246.0
008 - FIXED-LENGTH DATA ELEMENTS--GENERAL INFORMATION
fixed length control field 210301b19822020bg |||| ||a| 000 0 ben d
020 ## - INTERNATIONAL STANDARD BOOK NUMBER
International Standard Book Number 9844832594
035 ## - SYSTEM CONTROL NUMBER
system control number (BD-JhCC)11983
040 ## - CATALOGING SOURCE
Original cataloging agency BD-JhCC
Modifying agency BD-JhCC
041 ## - LANGUAGE CODE
Language code of Book bengali
082 ## - DEWEY DECIMAL CLASSIFICATION NUMBER
Classification number 301
Author mark and Year KHA 2020
100 ## - MAIN ENTRY--PERSONAL NAME
Personal name খালদুন, ইবনে
245 ## - TITLE STATEMENT
Title আল-মুকাদ্দিমা /
Statement of responsibility, etc ইবনে খালদুন, অনুঃ গোলাম সামদানী কোরায়শী ।
260 ## - PUBLICATION, DISTRIBUTION, ETC. (IMPRINT)
Place of publication, distribution, etc ঢাকা:
Name of publisher, distributor, etc দিব্য প্রকাশ;
Date of publication, distribution, etc ২০২০.
300 ## - PHYSICAL DESCRIPTION
Pagination 455 p. :
Dimensions 21 cm.
490 ## - SERIES STATEMENT
Series statement দ্বিতীয় খন্ড
500 ## - GENERAL NOTE
General note (প্রথম খন্ড,দ্বিতীয় খন্ড)
650 ## - SUBJECT ADDED ENTRY--TOPICAL TERM
Topical term or geographic name as entry element Social Science
700 ## - ADDED ENTRY--PERSONAL NAME
Personal name কোরায়শী,গোলাম সামদানী
942 ## - ADDED ENTRY ELEMENTS (KOHA)
Source of classification or shelving scheme Dewey Decimal Classification
Koha item type Books
Holdings
Source of classification or shelving scheme volume number Damaged status Not for loan Home library Current library Shelving location Date of accession Source of acquisition Cost, normal purchase price Total Checkouts Full call number Barcode Date last seen Copy number Koha item type
Dewey Decimal Classification V-2     JCC Rouf Library JCC Rouf Library General Stacks 03/01/2021 Lt. Gen. Mahfuzur Rahman (10th intake) 413.00   301 KHA 2020 16477 03/01/2021 C-1 Books
Dewey Decimal Classification V-1     JCC Rouf Library JCC Rouf Library General Stacks 03/15/2021 Lt. Gen. Mahfuzur Rahman (10th intake) 488.00   301 KHA 2020 16476 03/15/2021 C-1 Books

JCC Library | Contacts | JCC Home

Last Update on 23 September 2017
Copyright @ 2017-2020 JCC Rouf Library
Rouf Library, Jhenidah Cadet College (JCC), Bangladesh